{"text_format":"3","workbook":"xlsx","n_sheets":1,"sheets":["t487"],"read":"whole","date_system":"1900"}

{"sheet":"t487","index":0,"n_rows":133,"n_cols":7,"rows_kept":133,"merged":[[0,0,0,6],[30,0,30,5],[39,0,39,5],[108,0,108,5]]}
["TABELA 487.1 - Estatísticas Agrícolas, Município de Rio Grande da Serra, Estado de São Paulo, 2007/08."]
["ITEM","UNIDADE","N.DE UPAs","MÍNIMO","MÉDIO","MÁXIMO","TOTAL"]
["Distância à sede do município","km",12,2.5,{"v":4.42,"d":"4.4"},{"v":6,"d":"6.0"},"-"]
["Área total","hectare",12,2.4,{"v":8.65,"d":"8.7"},31.8,103.8]
["Área com cultura perene","hectare",8,0.2,0.5,{"v":1,"d":"1.0"},{"v":4,"d":"4.0"}]
["Área com cultura temporária","hectare",12,0.5,{"v":1.91,"d":"1.9"},4.6,22.9]
["Área com pastagem","hectare",1,{"v":1,"d":"1.0"},{"v":1,"d":"1.0"},{"v":1,"d":"1.0"},{"v":1,"d":"1.0"}]
["Área com reflorestamento","hectare",2,{"v":1,"d":"1.0"},{"v":1.75,"d":"1.8"},2.5,3.5]
["Área com vegetação natural","hectare",11,0.4,3.7,{"v":13,"d":"13.0"},40.7]
["Área com vegetação de brejo e várzea","hectare","-","-","-","-",{"v":0,"d":"0.0"}]
["Área em descanso","hectare",8,0.1,{"v":3.24,"d":"3.2"},10.7,25.9]
["Área complementar","hectare",12,0.2,{"v":0.48,"d":"0.5"},2.3,5.8]
["Área das UPAs com (0, 1] ha","hectare","-","-","-","-","-"]
["Área das UPAs com (1, 2] ha","hectare","-","-","-","-","-"]
["Área das UPAs com (2, 5] ha","hectare",6,2.4,{"v":4.43,"d":"4.4"},{"v":5,"d":"5.0"},26.6]
["Área das UPAs com (5, 10] ha","hectare",4,7.2,{"v":8.33,"d":"8.3"},9.6,33.3]
["Área das UPAs com (10, 20] ha","hectare",1,12.1,12.1,12.1,12.1]
["Área das UPAs com (20, 50] ha","hectare",1,31.8,31.8,31.8,31.8]
["Área das UPAs com (50, 100] ha","hectare","-","-","-","-","-"]
["Área das UPAs com (100, 200] ha","hectare","-","-","-","-","-"]
["Área das UPAs com (200, 500] ha","hectare","-","-","-","-","-"]
["Área das UPAs com (500, 1.000] ha","hectare","-","-","-","-","-"]
["Área das UPAs com (1.000, 2.000] ha","hectare","-","-","-","-","-"]
["Área das UPAs com (2.000, 5.000] ha","hectare","-","-","-","-","-"]
["Área das UPAs com (5.000, 10.000] ha","hectare","-","-","-","-","-"]
["Área das UPAs acima de 10.000 ha","hectare","-","-","-","-","-"]
["Familiares do proprietário que trabalham na UPA","unidade",11,{"v":2,"d":"2.0"},{"v":3,"d":"3.0"},{"v":5,"d":"5.0"},{"v":33,"d":"33.0"}]
["Trabalhadores permanentes","unidade",7,{"v":1,"d":"1.0"},{"v":1.71,"d":"1.7"},{"v":3,"d":"3.0"},{"v":12,"d":"12.0"}]
["Fonte: Secretaria de Agricultura e Abastecimento, CDRS/IEA, Projeto LUPA."]
[]
["TABELA 487.2 - Explorações Animais, Município de Rio Grande da Serra, Estado de São Paulo, 2007/08."]
["ITEM","UNIDADE","N.DE UPAs","MÍNIMO","MÉDIO","MÁXIMO","TOTAL"]
["Avicultura Ornamental/Decorativa/Exótica","cabeças",1,{"v":5,"d":"5.0"},{"v":5,"d":"5.0"},{"v":5,"d":"5.0"},{"v":5,"d":"5.0"}]
["Avicultura para Ovos","cabeças",1,{"v":70,"d":"70.0"},{"v":70,"d":"70.0"},{"v":70,"d":"70.0"},{"v":70,"d":"70.0"}]
["Cunicultura","cabeças",1,{"v":1000,"d":"1,000.0"},{"v":1000,"d":"1,000.0"},{"v":1000,"d":"1,000.0"},{"v":1000,"d":"1,000.0"}]
["Equinocultura","cabeças",1,{"v":3,"d":"3.0"},{"v":3,"d":"3.0"},{"v":3,"d":"3.0"},{"v":3,"d":"3.0"}]
["Piscicultura","m² tanques",1,{"v":200,"d":"200.0"},{"v":200,"d":"200.0"},{"v":200,"d":"200.0"},{"v":200,"d":"200.0"}]
["Fonte: Secretaria de Agricultura e Abastecimento, CDRS/IEA, Projeto LUPA."]
[]
["TABELA 487.3 -  Máquinas, Implementos e Benfeitorias, Município de Rio Grande da Serra, Estado de São Paulo, 2007/08."]
["ITEM","UNIDADE","N.DE UPAs","MÍNIMO","MÉDIO","MÁXIMO","TOTAL"]
["Arado Comum (Bacia, Aiveca)","Unidade",2,{"v":1,"d":"1.0"},{"v":1,"d":"1.0"},{"v":1,"d":"1.0"},{"v":2,"d":"2.0"}]
["Batedeira de Cereais","Unidade",1,{"v":1,"d":"1.0"},{"v":1,"d":"1.0"},{"v":1,"d":"1.0"},{"v":1,"d":"1.0"}]
["Conj.Irrigação Convencional","Unidade",11,{"v":1,"d":"1.0"},{"v":1.18,"d":"1.2"},{"v":2,"d":"2.0"},{"v":13,"d":"13.0"}]
["Microtrator","Unidade",10,{"v":1,"d":"1.0"},1.3,{"v":2,"d":"2.0"},{"v":13,"d":"13.0"}]
["Misturador de Ração","Unidade",1,{"v":1,"d":"1.0"},{"v":1,"d":"1.0"},{"v":1,"d":"1.0"},{"v":1,"d":"1.0"}]
["Pulverizador Tratorizado","Unidade",1,{"v":1,"d":"1.0"},{"v":1,"d":"1.0"},{"v":1,"d":"1.0"},{"v":1,"d":"1.0"}]
["Açude/Represa","Unidade",4,{"v":1,"d":"1.0"},{"v":1,"d":"1.0"},{"v":1,"d":"1.0"},{"v":4,"d":"4.0"}]
["Almoxarifado/Oficina","Unidade",1,{"v":1,"d":"1.0"},{"v":1,"d":"1.0"},{"v":1,"d":"1.0"},{"v":1,"d":"1.0"}]
["Balança para Veículos","Unidade",2,{"v":1,"d":"1.0"},{"v":1,"d":"1.0"},{"v":1,"d":"1.0"},{"v":2,"d":"2.0"}]
["Barracão/Galpão/Garagem","Unidade",11,{"v":1,"d":"1.0"},{"v":2.27,"d":"2.3"},{"v":4,"d":"4.0"},{"v":25,"d":"25.0"}]
["Casa de Moradia Habitada","Unidade",12,{"v":1,"d":"1.0"},{"v":1.25,"d":"1.3"},{"v":2,"d":"2.0"},{"v":15,"d":"15.0"}]
["Casa de Moradia Total","Unidade",12,{"v":1,"d":"1.0"},{"v":1.25,"d":"1.3"},{"v":2,"d":"2.0"},{"v":15,"d":"15.0"}]
["Depósito/Tulha","Unidade",1,{"v":1,"d":"1.0"},{"v":1,"d":"1.0"},{"v":1,"d":"1.0"},{"v":1,"d":"1.0"}]
["Estufa/Plasticultura","m²",4,{"v":20,"d":"20.0"},785.5,{"v":3000,"d":"3,000.0"},{"v":3142,"d":"3,142.0"}]
["Packing House","Unidade",1,{"v":2,"d":"2.0"},{"v":2,"d":"2.0"},{"v":2,"d":"2.0"},{"v":2,"d":"2.0"}]
["Poço Semi-Artesiano","Unidade",3,{"v":1,"d":"1.0"},{"v":2,"d":"2.0"},{"v":3,"d":"3.0"},{"v":6,"d":"6.0"}]
["Fonte: Secretaria de Agricultura e Abastecimento, CDRS/IEA, Projeto LUPA."]
[]
["TABELA 487.4 - Outras Estatísticas Agrícolas, Município de Rio Grande da Serra, Estado de São Paulo, 2007/08."]
["ITEM","Número de UPAs",null,"Percentual"]
["Faz Parte de Associação de Produtores",6,null,{"v":50,"d":"50.0"}]
["Faz Parte de Cooperativa de Produtores",2,null,{"v":16.666666666666668,"d":"16.7"}]
["Faz Parte do Sindicato de Produtores",8,null,{"v":66.66666666666667,"d":"66.7"}]
["Não utiliza assistência técnica ",10,null,{"v":83.33333333333333,"d":"83.3"}]
["Utiliza somente assistência técnica governamental ",1,null,{"v":8.333333333333334,"d":"8.3"}]
["Utiliza somente assistência técnica privada ",0,null,{"v":0,"d":"0.0"}]
["Utiliza assistência técnica tanto governamental quanto privada",1,null,{"v":8.333333333333334,"d":"8.3"}]
["Utiliza Crédito Rural","-",null,"-"]
["Utiliza Seguro Rural","-",null,"-"]
["Utiliza Escrituração Agrícola",5,null,{"v":41.666666666666664,"d":"41.7"}]
["Acessa Internet p/ Fins na Agropecuária",2,null,{"v":16.666666666666668,"d":"16.7"}]
["Utiliza Computador nas Atividades Agropecuárias",3,null,{"v":25,"d":"25.0"}]
["Utiliza Energia Elétrica Para Uso na Atividade Agrícola",12,null,{"v":100,"d":"100.0"}]
["Realiza Análise de Solo, quando necessário",2,null,{"v":16.666666666666668,"d":"16.7"}]
["Utiliza Práticas de Conservação de Solo, quando necessário",9,null,{"v":75,"d":"75.0"}]
["Faz Adubação Mineral, quando necessário",10,null,{"v":83.33333333333333,"d":"83.3"}]
["Faz Adubação Orgânica, quando necessário",10,null,{"v":83.33333333333333,"d":"83.3"}]
["Faz Adubação Verde, quando necessário","-",null,"-"]
["Utiliza Manejo Integrado de Pragas (MIP)","-",null,"-"]
["Utiliza Hidroponia","-",null,"-"]
["Utiliza Plasticultura",4,null,{"v":33.333333333333336,"d":"33.3"}]
["Utiliza Mudas Fiscalizadas",1,null,{"v":8.333333333333334,"d":"8.3"}]
["Utiliza Semente Melhorada",11,null,{"v":91.66666666666666,"d":"91.7"}]
["Faz Confinamento de Bovinos","-",null,"-"]
["Utiliza Pastejo Intensivo","-",null,"-"]
["Faz Inseminação Artificial","-",null,"-"]
["Faz Mineralização do Rebanho","-",null,"-"]
["Faz Vermifugação do Rebanho",1,null,{"v":8.333333333333334,"d":"8.3"}]
["Possui Parceiros /Arrendatários na Exploração Animal",2,null,{"v":16.666666666666668,"d":"16.7"}]
["Esporte e lazer","-",null,"-"]
["Extração mineral","-",null,"-"]
["Hotel Fazenda, Pousada ou SPA","-",null,"-"]
["Pesque-pague","-",null,"-"]
["Restaurante ou Lanchonete","-",null,"-"]
["Transformação artesanal","-",null,"-"]
["Turismo rural ou ecoturismo","-",null,"-"]
["Outras atividades econômicas rurais","-",null,"-"]
["Agroindústria","-",null,"-"]
["Proprietário sem instrução ou com instrução incompleta","-",null,"-"]
["Proprietário com antigo primário completo",3,null,{"v":25,"d":"25.0"}]
["Proprietário com 1° grau (ou antigo ginasial) completo",4,null,{"v":33.333333333333336,"d":"33.3"}]
["Proprietário com 2° grau (ou antigo colegial) completo",5,null,{"v":41.666666666666664,"d":"41.7"}]
["Proprietário com curso superior completo ","-",null,"-"]
["Pessoa Jurídica","-",null,"-"]
["Proprietário residente na própria UPA ",10,null,{"v":83.33333333333333,"d":"83.3"}]
["Fonte: Secretaria de Agricultura e Abastecimento, CDRS/IEA, Projeto LUPA."]
[]
["TABELA 487.5 - Área Cultivada, Município de Rio Grande da Serra, Estado de São Paulo, 2007/08."]
["CULTURA","N.DE UPAs","MÍNIMO","MÉDIO","MÁXIMO","TOTAL"]
["Alface",8,0.5,{"v":2.95,"d":"3.0"},{"v":10,"d":"10.0"},23.6]
["Outras olericolas",9,0.6,{"v":1.16,"d":"1.2"},2.4,10.4]
["Couve (ou couve-crespa)",9,0.1,{"v":0.54,"d":"0.5"},{"v":2,"d":"2.0"},4.9]
["Brocolos (ou brocolis)",7,0.2,{"v":0.51,"d":"0.5"},{"v":1,"d":"1.0"},3.6]
["Ervas medicinais e aromaticas",6,0.2,{"v":0.53,"d":"0.5"},{"v":1,"d":"1.0"},3.2]
["Eucalipto",2,{"v":1,"d":"1.0"},1.5,{"v":2,"d":"2.0"},{"v":3,"d":"3.0"}]
["Beterraba",5,0.2,0.4,0.5,{"v":2,"d":"2.0"}]
["Couve-flor",1,{"v":2,"d":"2.0"},{"v":2,"d":"2.0"},{"v":2,"d":"2.0"},{"v":2,"d":"2.0"}]
["Acelga",3,0.4,{"v":0.63,"d":"0.6"},{"v":1,"d":"1.0"},1.9]
["Cebolinha",5,0.2,{"v":0.36,"d":"0.4"},0.5,1.8]
["Repolho",4,0.1,{"v":0.43,"d":"0.4"},{"v":1,"d":"1.0"},1.7]
["Cenoura",4,0.1,{"v":0.33,"d":"0.3"},0.5,1.3]
["Capim-gordura",1,{"v":1,"d":"1.0"},{"v":1,"d":"1.0"},{"v":1,"d":"1.0"},{"v":1,"d":"1.0"}]
["Chicoria (ou chicoria-de-folha-crespa)",1,0.8,0.8,0.8,0.8]
["Gengibre",1,0.5,0.5,0.5,0.5]
["Espinafre (ou espinafre-europeu)",1,0.5,0.5,0.5,0.5]
["Pomar domestico",1,0.5,0.5,0.5,0.5]
["Pinus",1,0.5,0.5,0.5,0.5]
["Milho",2,0.1,{"v":0.25,"d":"0.3"},0.4,0.5]
["Feijao",1,0.4,0.4,0.4,0.4]
["Outras culturas temporárias",1,0.3,0.3,0.3,0.3]
["Horta domestica",1,0.1,0.1,0.1,0.1]
["Fonte: Secretaria de Agricultura e Abastecimento, CDRS/IEA, Projeto LUPA."]